Le meilleur 11 de l'histoire - Statistiques

Statistiques générales
  • Ce quiz a été pris 570 fois
  • Le résultat moyen est 12 sur 15
Statistiques - réponses
Hint Réponse % Correct
LW: Sporting CP/ Manchester United/ Real Madrid/ Juventus FC/ Manchester United/Al-Nassr FC Cristiano Ronaldo
98%
RW: FC Barcelone/ Paris Saint-Germain/ Inter Miami Lionel Messi
97%
GK: Schalke 04/ Bayern Munich Manuel Neuer
94%
CB: Séville Atletico/Fc Seville/ Real Madrid/ Fc Seville Sergio Ramos
94%
CAM: AS Cannes/Girondins de Bordeaux/Juventus FC/ Real Madrid Zinedine Zidane
91%
CM: FC Barcelone/ Vissel Kobe/Emirates Club Andres Iniesta
90%
RB: EC Bahia/Fc Séville/ Fc Barcelone/ Juventus FC/ Paris Saint-Germain/Sao Paulo FC/ Fc Barcelone/Pumas UNAM Dani Alves
81%
GK SUB: Parme AC/ Juventus FC/ Paris Saint-Germain/ Juventus FC/ Parme AC Gianluigi Buffon
81%
CM SUB: Dinamo Zagreb/ Tottenham Hotspur/ Real Madrid Luka Modric
78%
LB: AC Milan Paolo Maldini
77%
LW SUB: Gremio Porto Alegre/ Paris Saint-Germain/ FC Barcelone/ AC Milan/ Flamengo/Atlético Mineiro/ Querétaro FC/ Fluminense FC Ronaldinho
76%
CB SUB: FC Barcelone Carles Puyol
73%
CM: Schalke 04/ Werder Breme/ Real Madrid/ Arsenal FC/ Fenerbahçe SK/Istanbul Basaksehir Mesut Ozil
72%
ST: Cruzeiro EC/ PSV Eindhoven/ FC Barcelone/ Inter Milan/ Real Madrid/ AC Milan/ SC Corinthians Ronaldo Nazario
61%
CB: Bayern Munich/New York Cosmos/ Hambourg SV/ New York Cosmos Franz Beckenbauer
59%
Aucun quiz correspondant
Distribution des résultats
% des personnes avec chaque résultat
Percentile par nombre de réponses
Votre historique - résultats
Vous n’avez pas pris ce quiz